Women's participation and representation in politics: Perspectives from Ghana (Record no. 99447)

000 -LEADER
fixed length control field 01148pab a2200193 454500
008 - FIXED-LENGTH DATA ELEMENTS--GENERAL INFORMATION
fixed length control field 180718b2013 xxu||||| |||| 00| 0 eng d
100 ## - MAIN ENTRY--PERSONAL NAME
Personal name Bawa, Sylvia
245 ## - TITLE STATEMENT
Title Women's participation and representation in politics: Perspectives from Ghana
260 ## - PUBLICATION, DISTRIBUTION, ETC.
Date of publication, distribution, etc. 2013
300 ## - PHYSICAL DESCRIPTION
Extent p.282-291.
362 ## - DATES OF PUBLICATION AND/OR SEQUENTIAL DESIGNATION
Dates of publication and/or sequential designation Mar
520 ## - SUMMARY, ETC.
Summary, etc. This article discusses empirical findings on issues affecting women's effective participation in politics and the public sector of Ghana. It argues that women's involvement in public life and politics has steadily declined contrary to hopeful reportage that global empowerment campaigns have increased women's political participation across Africa. The article suggests that given the deep-rooted socio-cultural hindrances women face, affirmative action policies need to be revisited to complement women's agency in contesting for, winning, and participating in politics and public service more effectively. - Reproduced.
650 ## - SUBJECT ADDED ENTRY--TOPICAL TERM
Topical term or geographic name entry element Women in politics - Ghana
650 ## - SUBJECT ADDED ENTRY--TOPICAL TERM
Topical term or geographic name entry element Women in politics
700 ## - ADDED ENTRY--PERSONAL NAME
Personal name Sanyare, Francis
773 ## - HOST ITEM ENTRY
Main entry heading International Journal of Public Administration
908 ## - PUT COMMAND PARAMETER (RLIN)
Put command parameter N
909 ## -
-- 99448
Holdings
Withdrawn status Lost status Damaged status Not for loan Permanent Location Current Location Date acquired Serial Enumeration / chronology Barcode Date last seen Price effective from Koha item type
        Indian Institute of Public Administration Indian Institute of Public Administration 2018-07-19 Volume no: 36, Issue no: 4 AR99908 2018-07-19 2018-07-19 Articles

Powered by Koha